000 00467ntaaa2200181 4500
003 01
005 20251027202933.0
008 0714s1973 ag 01
040 _aAR-BaBN
_bspa
_cAR-BaBN
_eaacr
_dRIC
082 _a922.7000 W58
100 _aWhitefield, George
_919506
245 _aGeorge Whitefield's journals
250 _a1 ed.
260 _aLondon :
_bBanner of Truth Trust,
_c1960
300 _a594 p
500 _aLos escritos de Jorge Whitefield
942 _cBK
999 _c24659
_d24659